|
|
|
|
| LEADER |
01083nam a2200289 a 4500 |
| 001 |
151 |
| 003 |
BD-DhAAL |
| 005 |
20150420121958.0 |
| 008 |
150420s1996 nyua b 000 0 eng |
| 010 |
|
|
|a 95001204
|
| 020 |
|
|
|a 0070072604 (pbk. : acidfree paper)
|
| 040 |
|
|
|a DLC
|c DLC
|d DLC
|d BD-DhAAL
|
| 050 |
0 |
0 |
|a LB1028
|b .E613 1996
|
| 082 |
0 |
0 |
|a 370/.78
|2 20
|
| 245 |
0 |
4 |
|a The enlightened educator :
|b research adventures in the schools /
|c edited by Gary G. Brannigan.
|
| 260 |
|
|
|a New York :
|b McGraw-Hill,
|c c1996.
|
| 300 |
|
|
|a xvii, 301 p. : ill. ;
|c 24 cm.
|
| 504 |
|
|
|a Includes bibliographical references.
|
| 541 |
|
|
|e 151
|
| 650 |
|
0 |
|a Education
|x Research.
|9 6478
|
| 650 |
|
0 |
|a Action research in education.
|9 10586
|
| 650 |
|
0 |
|a Education
|x Study and teaching (Higher)
|9 10587
|
| 650 |
|
0 |
|a Educational psychology.
|9 10588
|
| 700 |
1 |
|
|a Brannigan, Gary G.
|9 10589
|
| 942 |
|
|
|2 ddc
|c BK
|
| 999 |
|
|
|c 34282
|d 34282
|
| 952 |
|
|
|0 0
|1 0
|2 ddc
|4 0
|6 370_780000000000000_ENL
|7 0
|9 53522
|a SCL
|b SCL
|c GEN
|d 2015-04-20
|e Gift: The Asia Foundation
|l 0
|o 370.78 ENL
|p 3020000151
|r 2015-04-20
|t 1
|w 2015-04-20
|y BK
|